[Event "Moscow op-F (Women)"]
[Site "Moscow"]
[Date "2011.02.06"]
[Round "9"]
[White "Medvedeva, Anna"]
[Black "Travkina, Anastasia"]
[Result "1-0"]
[WhiteElo "1921"]
[BlackElo "2189"]
[PlyCount "93"]
[EventDate "2011.01.29"]
[EventType "swiss"]
[EventRounds "9"]
[EventCountry "RUS"]
[SourceTitle "CBM 140 Extra"]
[Source "ChessBase"]
[SourceDate "2011.03.01"]
[SourceVersion "1"]
[SourceVersionDate "2011.03.01"]
[SourceQuality "1"]

1. e4 c5 2. c3 Nf6 3. e5 Nd5 4. d4 cxd4 5. cxd4 d6 6. f4 Qa5+ 7. Nc3 Nxc3 8. Qd2 g5 9. Qxc3 Qxc3+ 10. bxc3 gxf4 11. exd6 exd6 12. Bxf4 Be6 13. Nf3 Nd7 14. Bd3 Rc8 15. Bd2 h5 16. 0-0 Bh6 17. Rae1 Kd8 18. Ng5 Bxg5 19. Bxg5+ Kc7 20. c4 d5 21. Bf4+ Kd8 22. c5 Nb8 23. Rb1 Nc6 24. Rxb7 Rg8 25. Be3 Rc7 26. Rxc7 Kxc7 27. Rb1 Bc8 28. Bf4+ Kd8 29. Be3 Rg4 30. h3 Rg3 31. Kf2 h4 32. Rb3 f6 33. Be2 Rg7 34. Bf3 Be6 35. Ke2 Ke8 36. Bf2 Rh7 37. Ke3 Ne7 38. Rb8+ Kd7 39. Kd2 Kc7 40. Rf8 Rh6 41. Be3 Rg6 42. Bf4+ Kc6 43. Re8 Kd7 44. Ra8 Nc8 45. Rb8 Kc6 46. Kc3 Rg7 47. Bd1 1-0

[Event "Moscow op-F (Women)"]
[Site "Moscow"]
[Date "2011.02.01"]
[Round "4"]
[White "Medvedeva, Anna"]
[Black "Petrukhina, Irina"]
[Result "0-1"]
[WhiteElo "1921"]
[BlackElo "2190"]
[PlyCount "70"]
[EventDate "2011.01.29"]
[EventType "swiss"]
[EventRounds "9"]
[EventCountry "RUS"]
[SourceTitle "CBM 140 Extra"]
[Source "ChessBase"]
[SourceDate "2011.03.01"]
[SourceVersion "1"]
[SourceVersionDate "2011.03.01"]
[SourceQuality "1"]

1. e4 c5 2. c3 Nf6 3. e5 Nd5 4. d4 cxd4 5. cxd4 d6 6. f4 Nc6 7. Nc3 dxe5 8. dxe5 e6 9. Bc4 Bb4 10. Nge2 0-0 11. Bxd5 exd5 12. 0-0 Bg4 13. h3 Bc5+ 14. Kh2 d4 15. Qe1 Bxe2 16. Nxe2 Nb4 17. Qd1 d3 18. Nc3 Qd7 19. Bd2 Nc2 20. Rc1 Rfd8 21. Ne4 Bd4 22. Rxc2 dxc2 23. Qxc2 Qb5 24. Rf3 Qxb2 25. Qd1 Qa1 26. Qxa1 Bxa1 27. Nd6 f6 28. Bc3 Bxc3 29. Rxc3 fxe5 30. fxe5 Rd7 31. Kg3 Rf8 32. Rc1 Re7 33. Re1 g6 34. Re4 b6 35. Nb5 Rf5 0-1

[Event "RUS-chT U20"]
[Site "Rybinsk"]
[Date "2010.08.10"]
[Round "9"]
[White "Medvedeva, Anna"]
[Black "Trubitsyna, Yulia"]
[Result "1-0"]
[WhiteElo "1932"]
[BlackElo "2067"]
[PlyCount "67"]
[EventDate "2010.08.02"]
[EventType "team-swiss"]
[EventRounds "9"]
[EventCountry "RUS"]
[SourceTitle "EXT 2011"]
[Source "ChessBase"]
[SourceDate "2010.11.26"]
[SourceVersion "1"]
[SourceVersionDate "2010.11.26"]
[SourceQuality "1"]

1. e4 d6 2. d4 Nf6 3. Nc3 g6 4. Be3 c6 5. Qd2 b5 6. f3 a6 7. g4 Nbd7 8. g5 Nh5 9. f4 Nb6 10. b3 Bg7 11. Bg2 Qc7 12. Rd1 Bb7 13. Nf3 0-0-0 14. 0-0 Kb8 15. Qf2 h6 16. a4 b4 17. Na2 f6 18. Nxb4 Rdf8 19. Qd2 Rh7 20. c4 Nc8 21. Nd3 Rd8 22. d5 Na7 23. Nd4 Bc8 24. Nxc6+ Nxc6 25. dxc6 Qxc6 26. e5 Qd7 27. e6 Qc7 28. Qb4+ Bb7 29. Bb6 Qc8 30. Bxd8 fxg5 31. Qxb7+ Qxb7 32. Bxb7 Kxb7 33. Ba5 gxf4 34. Nxf4 1-0

[Event "RUS-chT U20"]
[Site "Rybinsk"]
[Date "2010.08.03"]
[Round "2"]
[White "Medvedeva, Anna"]
[Black "Belkina, Yuliya"]
[Result "1-0"]
[WhiteElo "1932"]
[BlackElo "1822"]
[PlyCount "73"]
[EventDate "2010.08.02"]
[EventType "team-swiss"]
[EventRounds "9"]
[EventCountry "RUS"]
[SourceTitle "EXT 2011"]
[Source "ChessBase"]
[SourceDate "2010.11.26"]
[SourceVersion "1"]
[SourceVersionDate "2010.11.26"]
[SourceQuality "1"]

1. e4 e6 2. d4 d5 3. e5 c5 4. c3 Nc6 5. Nf3 cxd4 6. cxd4 Bb4+ 7. Nc3 Nge7 8. Bg5 Qa5 9. Qd2 Nf5 10. g4 Nfe7 11. h3 Bd7 12. Bd3 h6 13. Be3 Rf8 14. 0-0 f5 15. exf6 Rxf6 16. Kg2 0-0-0 17. Rac1 Qc7 18. a3 Bxc3 19. Qxc3 Qd6 20. b4 a6 21. a4 Kb8 22. b5 axb5 23. axb5 Na7 24. Qb2 Ng6 25. Ne5 Nf4+ 26. Bxf4 Rxf4 27. Ra1 b6 28. Rfc1 Kb7 29. Qa2 Qb8 30. Qa6+ Ka8 31. Nxd7 Rxd7 32. Rc8 Rb7 33. Rxb8+ Kxb8 34. Re1 Rxd4 35. Qa3 Nc8 36. Rxe6 Rf4 37. Bf5 1-0

[Event "RUS-ch U14 Girls"]
[Site "Dagomys"]
[Date "2009.04.18"]
[Round "4"]
[White "Medvedeva, Anna"]
[Black "Krepysheva, Ksenia"]
[Result "0-1"]
[WhiteElo "1976"]
[BlackElo "1815"]
[PlyCount "48"]
[EventDate "2009.04.15"]
[EventType "swiss"]
[EventRounds "9"]
[EventCountry "RUS"]
[SourceTitle "CBM 130 Extra"]
[Source "ChessBase"]
[SourceDate "2009.07.02"]
[SourceVersion "2"]
[SourceVersionDate "2009.07.15"]
[SourceQuality "1"]

1. e4 d5 2. exd5 Qxd5 3. Nf3 Nf6 4. d4 Bg4 5. Be2 Nc6 6. 0-0 0-0-0 7. c4 Qh5 8. Be3 e5 9. h3 e4 10. hxg4 Nxg4 11. Bf4 exf3 12. Bxf3 f5 13. d5 Bd6 14. Bxg4 fxg4 15. Bxd6 Rxd6 16. Re1 Rh6 17. Kf1 Qh1+ 18. Ke2 Nd4+ 19. Kd3 Qxg2 20. Kxd4 Qxf2+ 21. Re3 Re8 22. Qxg4+ Kb8 23. Qg5 Rh3 24. Nc3 Rhxe3 0-1